00621nam a22001697a 4500020001800000082001700018100002700035245003800062260005500100300002300155500004100178650004300219700002000262942000700282999001700289952014500306 a9780521110020 a621.3822 MAN aManolakis, Dimitris G. aApplied Digital Signal Processing aNew Delhi, IndiabCambridge University Pressc2011 axv, 991 p.bill. ; aIncludes bibliographical references. aSignal processing--Digital techniques. aIngle, Vinay K. cBK c12427d12427 001040708NFICaCLbCLcGENd2013-12-27eSaeed Book Bankg1735.28l2m3o621.3822 MANpSEECS012811r2021-02-22s2020-11-05w2013-12-31yBK